000 00853nam a22002777a 4500
001 BR2010005159
003 BR-BrBNA
005 20230928103417.0
007 ta
008 230509b bl.||||| |||| 00| 0 por d
040 _aBR-BrBNA
_bpor
_cBiblioteca Nacional de Agricultura
041 _a(Por)
072 _aE21; E71
090 _ E21 BR2010005159
110 1 _aCentro das Indústrias de Curtumes do Brasil, Brasília, DF (Brasil)
_91431
245 1 _aA indústria do couro bovino: contribuições; análises, estratégias, projeções e ações para a indústria do couro no Brasil
260 3 _aBrasília, DF (Brasil):
_c2002.
300 _a38 p.
650 _aINDÚSTRIA AGRÍCOLA
650 _aCOURO
650 _aEXPORTAÇÃO
650 _aPREÇO
650 _aIMPORTAÇÃO
909 _a202309
_bLucia
_c55
_dLucia Elande
942 _cBK
999 _c74995
_d74995